La estrategia del desarrollo económico (Registro nro. 6774)

Detalles MARC
000 -LEADER
fixed length control field 01108 a2200193 4500
001 - CONTROL NUMBER
control field 59654
005 - DATE AND TIME OF LATEST TRANSACTION
control field 20260407155850.0
008 - FIXED-LENGTH DATA ELEMENTS--GENERAL INFORMATION
fixed length control field 260407a1970 arg spa d
003 - CONTROL NUMBER IDENTIFIER
control field AR-UNSa-BCEJYS
040 ## - CATALOGING SOURCE
Original cataloging agency AR-UNSa-BCEJYS
Language of cataloging spa
Transcribing agency AR-UNSa-BCEJYS
080 ## - UNIVERSAL DECIMAL CLASSIFICATION NUMBER
Universal Decimal Classification number 330.34
Common auxiliary subdivision Desarrollo Económico
100 1# - MAIN ENTRY--PERSONAL NAME
Personal name Hirschman, Albert O.
245 10 - TITLE STATEMENT
Title La estrategia del desarrollo económico
264 #1 - PRODUCTION, PUBLICATION, DISTRIBUTION, MANUFACTURE, AND COPYRIGHT NOTICE
Place of production, publication, distribution, manufacture México :
Name of producer, publisher, distributor, manufacturer Fondo de Cultura Económica
Date of production, publication, distribution, manufacture, or copyright notice 1970
300 ## - PHYSICAL DESCRIPTION
Extent 210 p.
Dimensions 21 cm.
505 ## - FORMATTED CONTENTS NOTE
Formatted contents note 1. Exploraciones preliminares - 2. Modelos de crecimiento y procesos de desarrollo - 3. El crecimiento equilibrado: una crítica - 4. Adopción de la teoría del crecimiento desequilibrado - 5. Alternativas y estrategias de inversión - 6. Interdependencia e industrialización - 7. Industrialización: otros aspectos característicos - 8. Eficiencia y crecimiento de la empresa individual - 9. El papel de las perturbaciones - 10. Trasmisión interregional e internacional del crecimiento económico - 11. Conclusión: funciones del gobierno y ayuda extranjera
590 ## - LOCAL NOTE (RLIN)
Local note niveau_biblio:m niveau_hierar:0
942 ## - ADDED ENTRY ELEMENTS (KOHA)
Koha item type
Existencias
Withdrawn status Lost status Damaged status Not for loan Home library Current library Shelving location Date acquired Total checkouts Full call number Barcode Date last seen Price effective from Koha item type
        Biblioteca Prof. Eusebio Cleto del Rey Biblioteca Prof. Eusebio Cleto del Rey   07/04/2026   330.34 H669 L23409 07/04/2026 07/04/2026 Libro